Finančná analýza v banke pri vyhodnocovaní úverovej spôsobilosti podnikateľských subjektov dizertačná práca

Na minha lista:
Detalhes bibliográficos
Autor principal: Fekiač, Marián
Autor Corporativo: Ekonomická univerzita v Bratislave. Národohospodárska fakulta
Outros Autores: Sivák, Rudolf, 1955-
Formato: Livro
Idioma:eslovaco
Publicado em: Bratislava Národohospodárska fakulta EU 2001
Assuntos:
Tags: Adicionar Tag
Sem tags, seja o primeiro a adicionar uma tag!

MARC

LEADER 00000nam$a2200000$$$4500
001 0001906
005 20240104092532.2
041 0 |a slo 
044 |a SK 
245 1 0 |a Finančná analýza v banke pri vyhodnocovaní úverovej spôsobilosti podnikateľských subjektov  |b dizertačná práca  |c Marián Fekiač ; školiteľ: Rudolf Sivák 
264 1 |a Bratislava  |b Národohospodárska fakulta EU  |c 2001 
300 |a 90 s. 
610 2 0 |a analýza finančná 
610 2 0 |a banka-podnik 
610 2 0 |a banky 
610 2 0 |a bankovníctvo 
610 2 0 |a úver 
100 1 |a Fekiač, Marián 
700 1 |a Sivák, Rudolf, 1955- 
710 2 |a Ekonomická univerzita v Bratislave. Národohospodárska fakulta